The book of Psalms / (Record no. 8902)

MARC details
000 -LEADER
fixed length control field 01306cam a2200337 i 4500
001 - CONTROL NUMBER
control field 18098723
003 - CONTROL NUMBER IDENTIFIER
control field GBCCL
005 - DATE AND TIME OF LATEST TRANSACTION
control field 20241126110700.0
008 - FIXED-LENGTH DATA ELEMENTS--GENERAL INFORMATION
fixed length control field 140401s2014 miu b 001 0 eng
010 ## -
-- 2014012056
020 ## - INTERNATIONAL STANDARD BOOK NUMBER
International Standard Book Number 9780802824936 (cloth : alk. paper)
040 ## - CATALOGING SOURCE
Original cataloging agency DLC
Language of cataloging eng
Transcribing agency DLC
Description conventions rda
Modifying agency DLC
042 ## -
-- pcc
050 00 -
-- BS1430.53
-- .D43 2014
082 00 - DEWEY DECIMAL CLASSIFICATION NUMBER
Classification number 221.77
-- 223.207
Edition information 23
Item number NEW
100 1# - MAIN ENTRY--PERSONAL NAME
Personal name DeClaissé-Walford, Nancy L.,
Dates associated with a name 1954-
9 (RLIN) 15621
245 14 - TITLE STATEMENT
Title The book of Psalms /
Statement of responsibility, etc. Nancy deClaissé-Walford, Rolf A. Jacobson, Beth Laneel Tanner.
264 #1 - PRODUCTION, PUBLICATION, DISTRIBUTION, MANUFACTURE, AND COPYRIGHT NOTICE
Place of production, publication, distribution, manufacture Grand Rapids, Michigan :
Name of producer, publisher, distributor, manufacturer William B. Eerdmans Publishing Company,
Date of production, publication, distribution, manufacture, or copyright notice 2014.
300 ## - PHYSICAL DESCRIPTION
Extent xxii, 1050 pages ;
Dimensions 25 cm.
336 ## - CONTENT TYPE
Content type term text
Content type code txt
Source rdacontent
337 ## - MEDIA TYPE
Media type term unmediated
Media type code n
Source rdamedia
338 ## - CARRIER TYPE
Carrier type term volume
Carrier type code nc
Source rdacarrier
490 0# - SERIES STATEMENT
Series statement The New International commentary on the Old Testament
504 ## - BIBLIOGRAPHY, ETC. NOTE
Bibliography, etc. note Includes bibliographical references (pages 47-51) and indexes.
630 00 - SUBJECT ADDED ENTRY--UNIFORM TITLE
Uniform title Bible.
Name of part/section of a work Psalms
Form subdivision Commentaries.
9 (RLIN) 8816
700 1# - ADDED ENTRY--PERSONAL NAME
Personal name Jacobson, Rolf A.
9 (RLIN) 15622
700 1# - ADDED ENTRY--PERSONAL NAME
Personal name Tanner, Beth LaNeel,
Dates associated with a name 1959-
9 (RLIN) 15623
906 ## - LOCAL DATA ELEMENT F, LDF (RLIN)
a 7
b cbc
c orignew
d 1
e ecip
f 20
g y-gencatlg
942 ## - ADDED ENTRY ELEMENTS (KOHA)
Source of classification or shelving scheme Dewey Decimal Classification
Koha item type Reference Books
Holdings
Withdrawn status Lost status Source of classification or shelving scheme Damaged status Not for loan Home library Current Library Shelving location Date acquired Total checkouts Full call number Barcode Date last seen Copy number Price effective from Koha item type
    Dewey Decimal Classification     GRACE BIBLE COLLEGE GRACE BIBLE COLLEGE Commentary 2022-01-21   221.77 NEW 015413 2025-05-01 v.13 2022-01-21 Reference Books
© Grace Bible College Library 2025